书目信息 |
| 题名: |
建设工程监理
|
|
| 作者: | 袁景翔 , 肖波 主编 | |
| 分册: | ||
| 出版信息: | 重庆 重庆大学出版社 2015.08 |
|
| 页数: | 271页 | |
| 开本: | 26cm | |
| 丛书名: | 高等职业教育建筑工程技术专业规划教材 | |
| 单 册: | ||
| 中图分类: | TU712.2 | |
| 科图分类: | ||
| 主题词: | 建筑工程--jian zhu gong cheng--监理工作--高等职业教育--教材 | |
| 电子资源: | ||
| ISBN: | 978-7-5624-9378-5 | |
| 000 | 01270nam 2200313 450 | |
| 001 | 0100195212 | |
| 005 | 20201204112637.94 | |
| 010 | @a978-7-5624-9378-5@dCNY34.00 | |
| 100 | @a20151010d2015 em y0chiy50 ea | |
| 101 | 0 | @achi |
| 102 | @aCN@b500000 | |
| 105 | @aak a 000yy | |
| 106 | @ar | |
| 200 | 1 | @a建设工程监理@Ajian she gong cheng jian li@f袁景翔, 肖波主编@Fyuan jing xiang , xiao bo zhu bian |
| 210 | @a重庆@c重庆大学出版社@d2015.08 | |
| 215 | @a271页@c图@d26cm | |
| 225 | 2 | @a高等职业教育建筑工程技术专业规划教材@Agao deng zhi ye jiao yu jian zhu gong cheng ji shu zhuan ye gui hua jiao cai@i基础课 |
| 320 | @a有书目 (第270-271页) | |
| 330 | @a本书以国家标准《建设工程监理规范》 (GB/T50319—2013) 为基础, 系统介绍了建设工程监理的相关知识, 全面讲述了“三控两管一协调”的基本内容。主要内容包括: 建设工程监理基本知识, 建设工程招投标, 建设工程质量控制等9章。 | |
| 410 | 0 | @12001 @a高等职业教育建筑工程技术专业规划教材@i基础课 |
| 540 | @a建设工程监理 | |
| 606 | 0 | @a建筑工程@Ajian zhu gong cheng@x监理工作@x高等职业教育@j教材 |
| 690 | @aTU712.2@v5 | |
| 701 | 0 | @a袁景翔@Ayuan jing xiang@4主编 |
| 701 | 0 | @a肖波@Axiao bo@4主编 |
| 801 | @aCN | |
| 803 | @a高职 | |
| 901 | @a22 | |
| 905 | @a河南城建学院图书馆@b1294628-30@dTU712.2@eY897@f3 | |
| 建设工程监理/袁景翔, 肖波主编.-重庆:重庆大学出版社,2015.08 |
| 271页:图;26cm.-(高等职业教育建筑工程技术专业规划教材.基础课) |
| ISBN 978-7-5624-9378-5:CNY34.00 |
| 本书以国家标准《建设工程监理规范》 (GB/T50319—2013) 为基础, 系统介绍了建设工程监理的相关知识, 全面讲述了“三控两管一协调”的基本内容。主要内容包括: 建设工程监理基本知识, 建设工程招投标, 建设工程质量控制等9章。 |
| ● |
| 相关链接 |
|
|
|
正题名:建设工程监理
索取号:TU712.2/Y897
 
预约/预借
| 序号 | 登录号 | 条形码 | 馆藏地/架位号 | 状态 | 备注 |
| 1 | 1294628 | 212946288 | 建筑库201/201建筑库 24排1列1层/ [索取号:TU712.2/Y897] | 在馆 | |
| 2 | 1294629 | 212946295 | 建筑库201/201建筑库 24排1列1层/ [索取号:TU712.2/Y897] | 在馆 | |
| 3 | 1294630 | 212946301 | 建筑库201/201建筑库 24排1列1层/ [索取号:TU712.2/Y897] | 在馆 |